Datum a čas kvízu
30.5
Celkem bodů
Celkový počet nahraných bodů na tomto kvízu bez doplňovacích otázek.
7.
Pořadí na kvízu
Konečné umístění týmu na tomto kvízu.
Zaznamenané odpovědi
| # | Otázka | Odpověď | Body | Výsledky |
|---|---|---|---|---|
| 1. | Jak se nazývá státní vyznamená... | Řád Tomáše Garrigua Masaryka (1. třídy) | 0 | |
| 2. | Humanoidní robot Muhammad na v... | osahával ženu | 1 | |
| 3. | Jak se nazývá soutěžní reality... | Peče celá země | 1 | |
| 4. | Automobilka Škoda představila... | Epiq | 0 | |
| 5. | Ke kuriózní situaci došlo v zá... | Arsenal, Chelsea | 1 | |
| 6. | Téma začneme v Evropě. Seřaďte... | 1B 2C 3D 4A | 1 | |
| 7. | V čele kterého ostrovního stát... | Kuba | 1 | |
| 8. | Které z těchto zvířat nežije p... | C | 0 | |
| 9. | Celkově kolikátou nejlidnatějš... | 4. nejlidnatější | 0 | |
| 10. | Jak se jmenuje ostrovní stát,... | Papua Nová Guinea | 1 |